Vlivy environmentální politiky na postavení odvětví v mezinárodním obchodě

Výdavky priemyslu na ochranu životného prostredia vo vybraných krajinách Európy. Ako merať dopad náročnosti politiky životného prostredia na priemyselné odvetvia. Ekonomické nástroje politiky životného prostredia a výrobné náklady odvetví. Dopad environmentálnej politiky na model obchodu.

Guardado en:
Detalles Bibliográficos
Autor principal: Tošovská, Eva
Formato: Capítulo de libro
Lenguaje:checo
Materias:
Etiquetas: Agregar Etiqueta
Sin Etiquetas, Sea el primero en etiquetar este registro!

MARC

LEADER 00000naa a2200000 4500
001 r044530
005 20230928074410.2
041 0 |a cze 
044 |a SK 
245 1 0 |a Vlivy environmentální politiky na postavení odvětví v mezinárodním obchodě  |c Eva Tošovská 
520 |a Výdavky priemyslu na ochranu životného prostredia vo vybraných krajinách Európy. Ako merať dopad náročnosti politiky životného prostredia na priemyselné odvetvia. Ekonomické nástroje politiky životného prostredia a výrobné náklady odvetví. Dopad environmentálnej politiky na model obchodu. 
610 2 0 |a politika ekologická 
610 2 0 |a politika environmentálna 
610 2 0 |a prostredie životné 
610 2 0 |a ochrana prostredia životného 
610 2 0 |a odvetvia priemyselné 
610 2 0 |a obchod medzinárodný 
610 2 0 |a náklady ekologické 
610 2 0 |a náklady spoločensky nevyhnutné 
610 2 0 |a nástroje ekonomické 
100 1 |a Tošovská, Eva